00506nam a2200157Ia 4500003000900000008004100009040001600050080001600066100002200082245008700104260003900191300001600230650004100246650003000287650003100317IN-BaIIA211028s9999 xx 000 0 eng d cIIA Library a081:53bGIB aGibbs, Willard J. 4aThe scientific papers of J.Willard Gibbsbvol. 1, thermodynamicscWillard J. Gibbs aNew YorkbDover Publicationsc1961 axxvi, 434p. aAstronomy and Astrophysics thesaurus aCollected orks-J. W Gibbs aJ. W Gibbs Collected works